书目信息 |
| 题名: |
旅游规划
|
|
| 作者: | 黄羊山 , 王建萍 著 | |
| 分册: | ||
| 出版信息: | 福州 福建人民出版社 1999.06 |
|
| 页数: | 267页 | |
| 开本: | 20cm | |
| 丛书名: | 大学旅游教材 | |
| 单 册: | ||
| 中图分类: | F590.1-43 | |
| 科图分类: | ||
| 主题词: | 旅游经济--经济规划--高等学校--教材 | |
| 电子资源: | ||
| ISBN: | 7-211-03419-X | |
| 000 | 00892nam 2200265 45 | |
| 001 | 0104848452 | |
| 005 | 20050831212811.40 | |
| 010 | @a7-211-03419-X@dCNY14.70 | |
| 100 | @a20040605d1999 km y0chiy0120 ea | |
| 101 | 0 | @achi |
| 102 | @aCN@b350000 | |
| 105 | @aa a 000yy | |
| 200 | 1 | @a旅游规划@Alu you gui hua@f黄羊山, 王建萍著@Fhuang yang shan,wang jian ping zhu |
| 210 | @a福州@c福建人民出版社@d1999.06 | |
| 215 | @a267页@c图@d20cm | |
| 225 | 2 | @a大学旅游教材@h第一辑 |
| 320 | @a有书目。 | |
| 330 | @a本书内容有:旅游规划的概念、目的和特点;旅游规划的层次和类型;旅游规划的理论基础;旅游产品;旅游资源调查与评价等。 | |
| 410 | 0 | @12001 @a大学旅游教材 |
| 606 | 0 | @a旅游经济@x经济规划@x高等学校@x教材 |
| 690 | @aF590.1-43@v4 | |
| 701 | 0 | @a黄羊山@Ahuang yang shan@4著 |
| 701 | 0 | @a王建萍@Awang jian ping@4著 |
| 801 | 0 | @aCN@bQSSK@c20050831 |
| 905 | @a10447@dF590.1-43@eH916 | |
| 旅游规划/黄羊山, 王建萍著.-福州:福建人民出版社,1999.06 |
| 267页:图;20cm.-(大学旅游教材.第一辑) |
| ISBN 7-211-03419-X:CNY14.70 |
| 本书内容有:旅游规划的概念、目的和特点;旅游规划的层次和类型;旅游规划的理论基础;旅游产品;旅游资源调查与评价等。 |
| ● |
| 相关链接 |
|
|
|
正题名:旅游规划
索取号:F590.1-43/H916
 
预约/预借
| 序号 | 登录号 | 条形码 | 馆藏地/架位号 | 状态 | 备注 |
| 1 | 565829 | 205658297 | 社科库409/409社科库 38排7列4层/ [索取号:F590.1-43/H916] | 在馆 | |
| 2 | 565830 | 205658304 | 社科库409/409社科库 38排7列4层/ [索取号:F590.1-43/H916] | 在馆 | |
| 3 | 565831 | 205658313 | 社科库409/409社科库 38排7列4层/ [索取号:F590.1-43/H916] | 在馆 |